| 000 | 00354nam a2200133Ia 4500 | ||
|---|---|---|---|
| 008 | 240624s9999 xx 000 0 und d | ||
| 041 | _aeng | ||
| 082 | _a332.1 ROS | ||
| 100 | _aROSENFELD JAMES D | ||
| 245 | _aSELECTED WORKS OF GEORGE J BENSTON ACCOU | ||
| 260 |
_c2010 _aNew Delhi _bOxford |
||
| 300 | _axviii, : 426 : p. : cm. ; 23 | ||
| 365 |
_cBPS _b38 |
||
| 999 |
_c28382 _d28382 |
||